Object Oriented programming with ANSI and turbo C++ (Record no. 277)
[ view plain ]
| 000 -LEADER | |
|---|---|
| Fixed length control field | 00432nam a2200157 4500 |
| 003 - CONTROL NUMBER IDENTIFIER | |
| Control field | SEACOMEC |
| 005 - DATE AND TIME OF LATEST TRANSACTION | |
| Control field | 20231221161453.0 |
| 008 - FIXED-LENGTH DATA ELEMENTS--GENERAL INFORMATION | |
| Fixed length control field | 231221b |||||||| |||| 00| 0 eng d |
| 040 ## - CATALOGING SOURCE | |
| Original cataloging agency | SEACOMEC |
| 082 ## - DEWEY DECIMAL CLASSIFICATION NUMBER | |
| Classification number | 005.177 |
| Book Number | K15 |
| 100 ## - MAIN ENTRY--PERSONAL NAME | |
| Personal name | Kamthane,Ashok N. |
| 245 1# - TITLE STATEMENT | |
| Title | Object Oriented programming with ANSI and turbo C++ |
| Statement of responsibility | Ashok N. Kamthane |
| 260 ## - IMPRINT | |
| Place of publication | Delhi |
| Name of publisher | pearson |
| Date of publication | 2003 |
| 650 ## - SUBJECT ADDED ENTRY--TOPICAL TERM | |
| Topical term | Computer science,Programming |
| 942 ## - ADDED ENTRY ELEMENTS (KOHA) | |
| Koha item type | Books |
| Withdrawn status | Lost status | Source of classification | Damaged status | Not for loan | Home library | Current library | Date acquired | Total Checkouts | Call number | Accession number | Date last seen | Copy number | Price effective from | Koha item type |
|---|---|---|---|---|---|---|---|---|---|---|---|---|---|---|
| Dewey Decimal Classification | SEACOM ENGINEERING COLLEGE | SEACOM ENGINEERING COLLEGE | 01/06/2006 | 005.177 K15 | 00346 | 21/12/2023 | 1 | 21/12/2023 | Books |
